Vybraná témata účetnictví a daní pedagogická konference

Salvato in:
Dettagli Bibliografici
Ente Autore: Vybraná témata účetnictví a daní. Pedagogická konference
Altri autori: Müllerová, Libuše, Janhuba, Miloslav
Natura: Libro
Lingua:ceco
slovacco
inglese
Pubblicazione: Praha Vysoká škola ekonomická v Praze - Nakladatelství Oeconomica 2025
Edizione:1. vydání
Soggetti:
Tags: Aggiungi Tag
Nessun Tag, puoi essere il primo ad aggiungerne!!

MARC

LEADER 00000nlm a2200000 4500
001 0313807
005 20260107095742.4
020 |a 978-80-245-2577-8 
041 0 |a cze 
041 0 |a slo 
041 0 |a eng 
044 |a CZ 
245 1 0 |a Vybraná témata účetnictví a daní  |b pedagogická konference  |c recenzenti: Libuše Müllerová, Miloslav Janhuba 
250 |a 1. vydání 
264 1 |a Praha  |b Vysoká škola ekonomická v Praze - Nakladatelství Oeconomica  |c 2025 
300 |a 63 s. 
610 2 0 |a dane 
610 2 0 |a účtovníctvo 
610 2 0 |a audit 
610 2 0 |a IFRS 
610 2 0 |a ESG 
700 1 |a Müllerová, Libuše 
700 1 |a Janhuba, Miloslav 
110 2 |a Vybraná témata účetnictví a daní. Pedagogická konference